banner-ar

مركب النقص والعقد النفسية / (Record no. 46283)

MARC details
000 -الفاتح
حقل البيانات ثابتة الطول 00628nam a2200229Ia 4500
008 - عناصر البيانات ثابتة الطول - معلومات عامة
حقل البيانات ثابتة الطول 140319s9999 xx 000 0 ara d
040 ## - مصدر الفهرسة
وكالة الفهرسة الأصلية GCL /
وكالة النسخ GCL
082 04 - رقم تصنيف ديوى العشرى
رقم التصنيف 131.32
رقم المادة م م
100 1# - المدخل الرئيسى - إسم شخصى
الإسم الشخصى ماكبريد, و0ج
245 10 - بيان العنوان
العنوان مركب النقص والعقد النفسية /
بيان المسئوليه,etc ماكبريد, و0ج
700 1# - المدخل الاضافى - اسم شخصى
الإسم الشخصى بندر، جيمس
700 1# - المدخل الاضافى - اسم شخصى
الإسم الشخصى تيار، س. هـ.
300 ## - الوصف المادى
التعداد 233 ص
490 ## - بيان السلسلة
عنوان السلسلة كتابى
رقم المجلد/ التعيين التسلسلي 0
650 04 - المدخل الاضافى بالموضوع-مصطلح موضوعى
مصطلح موضوعي الزواج
650 04 - المدخل الاضافى بالموضوع-مصطلح موضوعى
مصطلح موضوعي الشخصية
650 04 - المدخل الاضافى بالموضوع-مصطلح موضوعى
مصطلح موضوعي الحب
650 04 - المدخل الاضافى بالموضوع-مصطلح موضوعى
مصطلح موضوعي الحياة
650 04 - المدخل الاضافى بالموضوع-مصطلح موضوعى
مصطلح موضوعي العلاقات الاجتماعية
942 ## - عناصر المدخل الإضافي( كوها)
مصدر التصنيف او مخطط الترفيف Dewey Decimal Classification
Koha [default] item type كتاب
Holdings
حالة التراجع حالة الفقد حالة تلف ليس للاعارة المكان المؤقت الموقع الحالى تاريخ الاكتساب اجمالي اﻻعارات رقم الطلب الباركود تاريخ اخر مشاهدة تاريخ تفعيل السعر نوع وعاء كوها
        مكتبة القاهرة الكبرى مكتبة القاهرة الكبرى 03/26/2014   131.32\م م 112610 03/26/2014 03/26/2014 كتاب
        مكتبة القاهرة الكبرى مكتبة القاهرة الكبرى 03/26/2014   131.32\م م 112611 03/26/2014 03/26/2014 كتاب

Powered By

EGPV